Fr. Conceicao Rodrigues College of Engineering

Datastructures using Java (Record no. 24875)

MARC details
000 -LEADER
fixed length control field 00352nam a2200157Ia 4500
082 ## - DEWEY DECIMAL CLASSIFICATION NUMBER
Classification number 005.73/LAN
Item number LAN
100 ## - MAIN ENTRY--PERSONAL NAME
Personal name Langsam Y/ Augenstein/M
245 ## - TITLE STATEMENT
Title Datastructures using Java
260 ## - PUBLICATION, DISTRIBUTION, ETC.
Name of publisher, distributor, etc. Pearson Education
Place of publication, distribution, etc. Mumbai
Date of publication, distribution, etc. 2003
366 ## - TRADE AVAILABILITY INFORMATION
Publishers's discount category 20
300 ## - PHYSICAL DESCRIPTION
Extent 670
546 ## - LANGUAGE NOTE
Language note ENGLISH
650 ## - SUBJECT ADDED ENTRY--TOPICAL TERM
Topical term or geographic name entry element Java
654 ## - SUBJECT ADDED ENTRY--FACETED TOPICAL TERMS
Focus term datastructures
942 ## - ADDED ENTRY ELEMENTS (KOHA)
Koha item type BOOK
Holdings
Withdrawn status Lost status Damaged status Not for loan Collection Home library Current library Date acquired Source of acquisition Cost, normal purchase price Inventory number Total Checkouts Full call number Barcode Date due Date last seen Date last checked out Cost, replacement price Price effective from Koha item type
        CRC Fr. Agnel's C.Rodrigues College of Engineering AGNEL TECHNICAL COLLEGE LIBRARY 17/03/2023 Professional Book house 319.20 97 dt 07/08/2008 2 005.73/LAN LAN 18888   01/07/2025 16/06/2025 399.00   BOOK
        CRC Fr. Agnel's C.Rodrigues College of Engineering Fr. Agnel's C.Rodrigues College of Engineering 17/03/2023 Professional Book house 319.20 97 dt 07/08/2008   005.73/LAN LAN 18889   17/03/2023   399.00   BOOK
        CRC Fr. Agnel's C.Rodrigues College of Engineering Fr. Agnel's C.Rodrigues College of Engineering 17/03/2023 Professional Book house 319.20 97 dt 07/08/2008   005.73/LAN LAN 18890   17/03/2023   399.00   BOOK
        CRC Fr. Agnel's C.Rodrigues College of Engineering Fr. Agnel's C.Rodrigues College of Engineering 17/03/2023 Professional Book house 319.20 97 dt 07/08/2008   005.73/LAN LAN 18891   17/03/2023   399.00   BOOK
        CRC Fr. Agnel's C.Rodrigues College of Engineering Fr. Agnel's C.Rodrigues- College of Engineering 17/03/2023 Professional Book house 319.20 97 dt 07/08/2008 1 005.73/LAN LAN 18887 15/08/2010 05/06/2023 05/06/2023 399.00   BOOK